Leader xxxxxxxxxx
001 __ 84140604
005 __ 19951019173908.0
008 __ chi
010 0_ |a|b平裝|d
010 0_ |a957-558-414-7|b套:平裝
010 0_ |a957-558-415-5|b上冊:平裝|d新臺幣120元
010 0_ |a957-558-416-3|b下冊:平裝|d新臺幣120元
100 __ |a19950724d1992 d y0chiy0109 e.
101 1_ |achi.
102 __ |acw.
105 __ |aa z 000ay.
200 1_ |a戰爭與和平|e|f托爾斯泰原著|g黎虹改寫.
205 __ |a初版.
210 __ |a臺南市|c大千文化|d民81[1992]
215 0_ |a2冊|c圖|d22公分.
225 2_ |a世界文學注音版全集|v35-36.
260 1_ |a1992.
300 __ |a
302 __ |a國語注音.
410 _1 |12001 |a世界文學注音版全集|v35-36.
681 __ |a859.6|b4607.
700 _1 |a托爾斯泰|b|c(Tolstoy, Leo, 1828-1910)|4
702 _1 |a黎虹|b|4改寫.
801 _0 |acw|bPTL|c19950724.
801 _1 |acw|b鎧鈺|c19950724.
|